Statistiques concernant Communes de la Haute-Saône

Cliquez ici pour prendre le quiz!

Statistiques générales

  • Ce quiz a été pris 112 fois
  • Le résultat moyen est 39 sur 583

Réponses sur la Carte

Les réponses sont colorées sur une échelle allant du rouge au vert en fonction du pourcentage des utilisateurs qui les ont devinées à leur premier essai. Vous pouvez retrouver ces pourcentages ci-dessous.
 

Statistiques - réponses

Code CommuneRéponse% Correct
70550Vesoul
89%
70310Lure
77%
70279Gray
74%
70311Luxeuil-les-Bains
58%
70285Héricourt
56%
70421Port-sur-Saône
45%
70447Rioz
45%
70245Fougerolles
44%
70388Noidans-lès-Vesoul
42%
70026Arc
40%
70451Ronchamp
37%
70334Marnay
36%
70339Mélisey
36%
70408Pesmes
36%
70561Villersexel
34%
70282Gy
33%
70292Jussey
32%
70261Frotey-lès-Vesoul
30%
70198Dampierre-sur-Salon
26%
70413Plancher-Bas
26%
70120Champagney
25%
70165Combeaufontaine
25%
70467Saint-Loup-sur-Semouse
25%
70489Servance
25%
70207Échenoz-la-Méline
23%
70258Froideconche
23%
70280Gray-la-Ville
23%
70414Plancher-les-Mines
23%
70428Pusey
23%
70260Frotey-lès-Lure
22%
70512La Vaivre
21%
70378Navenne
21%
70473Saint-Sauveur
21%
70041Autrey-lès-Gray
19%
70227Faucogney-et-la-Mer
19%
70387Noidans-le-Ferroux
19%
70446Rigny
19%
70475Saint-Valbert
18%
70529Velet
18%
70006Aillevillers-et-Lyaumont
16%
70104Bucey-lès-Gy
16%
70155Citers
16%
70177Corre
16%
70228Faverney
16%
70357Montbozon
16%
70435Raddon-et-Chapendu
16%
70455Roye
16%
70478Saulx
16%
70130Charcenne
15%
70283Le Haut-du-Them
15%
70317Les Magny
15%
70321Magny-Vernois
15%
70432Quers
15%
70464Saint-Germain
15%
70514Valay
15%
70037Autet
14%
70061Belfahy
14%
70132Chargey-lès-Gray
14%
70171Corbenay
14%
70197Dampierre-sur-Linotte
14%
70255Fresne-Saint-Mamès
14%
70256Fresse
14%
70528Velesmes
14%
70012Amance
12%
70018Ancier
12%
70031Athesans
12%
70093Breuches
12%
70250Franchevelle
12%
70352La Montagne
12%
70306Lomont
12%
70376Nantilly
12%
70477Saulnot
12%
70542Venère
12%
70581Vy-lès-Lure
12%
70044Auxon
11%
70096Brevilliers
11%
70163Colombier
11%
70259Froideterre
11%
70290Jasney
11%
70299Lavoncourt
11%
70312Luze
11%
70331Mantoche
11%
70433Quincey
11%
70460Saint-Bresson
11%
70513Vaivre-et-Montoille
11%
70526Vauvillers
11%
70024Apremont
10%
70108Bussurel
10%
70125Champvans
10%
70157Clairegoutte
10%
70162Colombe-lès-Vesoul
10%
70184Couthenans
10%
70208Échenoz-le-Sec
10%
70224Étuz
10%
70234Filain
10%
70240Fontaine-lès-Luxeuil
10%
70248Frahier-et-Chatebier
10%
70254Frédéric-Fontaine
10%
70257Fretigney-et-Velloreille
10%
70262Genevreuille
10%
70271Gouhenans
10%
70178La Côte
10%
70308La Longine
10%
70340Membrey
10%
70347Mignavillers
10%
70363Montigny-lès-Vesoul
10%
70390Noroy-le-Bourg
10%
70402Oyrières
10%
70404Passavant-la-Rochère
10%
70416Pomoy
10%
70422Poyans
10%
70472Saint-Remy
10%
70491Seveux
10%
70492Soing
10%
70497Tavey
10%
70510Vadans
10%
70537Velleminfroy
10%
70022Angirey
8%
70063Belonchamp
8%
70080Bouhans-et-Feurg
8%
70081Bouhans-lès-Lure
8%
70083Bouligney
8%
70094Breuchotte
8%
70095Breurey-lès-Faverney
8%
70101Broye-lès-Pesmes
8%
70121Champey
8%
70134Chariez
8%
70151Chevigney
8%
70176Corravillers
8%
70182Courmont
8%
70185Cresancey
8%
70193Cult
8%
70195Dambenoît
8%
70216Esboz-Brest
8%
70218Esmoulins
8%
70219Esprels
8%
70220Essertenne-et-Cecey
8%
70221Étobon
8%
70235Flagy
8%
70265Germigney
8%
70289Igny
8%
70318Magny-Danigon
8%
70345Miellin
8%
70351Mollans
8%
70373Morey
8%
70389Noiron
8%
70406Percey-le-Grand
8%
70429Pusy-et-Épenoux
8%
70434Quitteur
8%
70442Renaucourt
8%
70448Roche-et-Raucourt
8%
70459Saint-Barthélémy
8%
70463Saint-Gand
8%
70480Sauvigney-lès-Pesmes
8%
70482Scey-sur-Saône-et-Saint-Albin
8%
70504Traves
8%
70511Vaite
8%
70563Villers-le-Sec
8%
70004Adelans
7%
70014Amblans-et-Velotte
7%
70019Andelarre
7%
70020Andelarrot
7%
70034Aubigney
7%
70039Autoreille
7%
70054Battrans
7%
70055Baudoncourt
7%
70062Belmont
7%
70064Belverne
7%
70079Bougnon
7%
70116Chagey
7%
70117Châlonvillars
7%
70138Chassey-lès-Scey
7%
70142Chaumercenne
7%
70149Chenebier
7%
70152Choye
7%
70168Conflans
7%
70180Courchaton
7%
70192Cugney
7%
70204Denèvre
7%
70213Éhuns
7%
70263Genevrey
7%
70272Gourgeon
7%
70128La Chapelle-lès-Luxeuil
7%
70443La Grande-Résie
7%
70300Leffond
7%
70505Le Tremblois
7%
70302Lieucourt
7%
70313Lyoffans
7%
70315Magnoncourt
7%
70328Malbouhans
7%
70350Molay
7%
70353Montagney
7%
70370Montseugny
7%
70371Montureux-et-Prantigny
7%
70374Motey-Besuche
7%
70396Oricourt
7%
70399Ormoy
7%
70410Pin
7%
70439Raze
7%
70487Senargent
7%
70494Sornay
7%
70525Vauconcourt
7%
70532Vellefaux
7%
70546Vereux
7%
70564Villers-lès-Luxeuil
7%
70572Vitrey
7%
70577Vouhenans
7%
70007Ailloncourt
5%
70011Amage
5%
70015Amoncourt
5%
70027Argillières
5%
70029Arpenans
5%
70030Arsans
5%
70043Auvet-et-la-Chapelotte
5%
70048Bard-lès-Pesmes
5%
70085Boult
5%
70110Byans
5%
70111Calmoutier
5%
70123Champlitte-la-Ville
5%
70126Chancey
5%
70136Charmoille
5%
70139Château-Lambert
5%
70150Chenevrey-et-Morogne
5%
70153Cintrey
5%
70160Coisevaux
5%
70167Conflandey
5%
70194Cuve
5%
70201Delain
5%
70202Demangevelle
5%
70211Écuelle
5%
70239Fondremand
5%
70286Hugier
5%
70203La Demie
5%
70294Lantenot
5%
70444La Résie-Saint-Martin
5%
70453La Rosière
5%
70549La Vernotte
5%
70053Les Bâties
5%
70324Mailley-et-Chazelot
5%
70327Malans
5%
70348Moffans-et-Vacheresse
5%
70349Moimay
5%
70354Montarlot-lès-Champlitte
5%
70358Montcey
5%
70403Palante
5%
70409Pierrecourt
5%
70438Ray-sur-Saône
5%
70440Recologne
5%
70461Saint-Broing
5%
70469Sainte-Marie-en-Chanois
5%
70470Sainte-Marie-en-Chaux
5%
70479Sauvigney-lès-Gray
5%
70481Savoyeux
5%
70484Secenans
5%
70507Trésilley
5%
70522Varogne
5%
70523Vars
5%
70534Vellefrie
5%
70536Velle-le-Châtel
5%
70575Voray
5%
70001Abelcourt
4%
70021Andornay
4%
70028Aroz
4%
70032Attricourt
4%
70035Augicourt
4%
70057Bay
4%
70071Beulotte-Saint-Laurent
4%
70075Bonboillon
4%
70084Boulot
4%
70089Bourguignon-lès-Morey
4%
70092Bresilley
4%
70097Briaucourt
4%
70098Brotte-lès-Luxeuil
4%
70100Broye-les-Loups-et-Verfontaine
4%
70102Brussey
4%
70105Bucey-lès-Traves
4%
70115Cerre-lès-Noroy
4%
70124Champtonnay
4%
70127Chantes
4%
70133Chargey-lès-Port
4%
70148Chemilly
4%
70156Citey
4%
70158Clans
4%
70169Confracourt
4%
70179Coulevon
4%
70183Courtesoult-et-Gatey
4%
70191Cubry-lès-Soing
4%
70196Dampierre-lès-Conflans
4%
70205Échavanne
4%
70206Échenans
4%
70209Échevanne
4%
70210Écromagny
4%
70214Équevilley
4%
70217Esmoulières
4%
70229Faymont
4%
70230Fédry
4%
70253Frasne-le-Château
4%
70277Granges-le-Bourg
4%
70284Hautevelle
4%
70291Jonvelle
4%
70103La Bruyère
4%
70129La Chapelle-Saint-Quillain
4%
70186La Creuse
4%
70326La Malachère
4%
70450La Rochelle
4%
70297Larret
4%
70544La Vergenne
4%
70573La Voivre
4%
70515Le Val-de-Gouhenans
4%
70305Lœuilley
4%
70319Magny-Jobert
4%
70325Maizières
4%
70329Malvillers
4%
70330Mandrevillars
4%
70333Margilley
4%
70342Mercey-sur-Saône
4%
70346Mignafans
4%
70368Montot
4%
70375Motey-sur-Saône
4%
70381Neurey-lès-la-Demie
4%
70382Neuvelle-lès-Champlitte
4%
70384Neuvelle-lès-la-Charité
4%
70394Onay
4%
70398Ormoiche
4%
70415Polaincourt-et-Clairefontaine
4%
70420Pont-sur-l’Ognon
4%
70423Preigney
4%
70445Rignovelle
4%
70452Rosey
4%
70457Rupt-sur-Saône
4%
70471Sainte-Reine
4%
70462Saint-Ferjeux
4%
70468Saint-Marcel
4%
70493Sorans-lès-Breurey
4%
70506Trémoins
4%
70516Vallerois-le-Bois
4%
70517Vallerois-Lorioz
4%
70531Velleclaire
4%
70538Vellemoz
4%
70541Velorcey
4%
70578Vregille
4%
70579Vyans
4%
70580Vy-le-Ferroux
4%
70582Vy-lès-Rupt
4%
70002Aboncourt
3%
70003Achey
3%
70008Ainvelle
3%
70016Amont-et-Effreney
3%
70023Anjeux
3%
70033Aubertans
3%
70038Authoison
3%
70040Autrey-lès-Cerre
3%
70042Autrey-le-Vay
3%
70045Avrigney
3%
70047Baignes
3%
70052Bassigney
3%
70060Beaumotte-lès-Pin
3%
70065Besnans
3%
70074Blondefontaine
3%
70077Borey
3%
70082Bouhans-lès-Montbozon
3%
70090Boursières
3%
70099Brotte-lès-Ray
3%
70114Cendrecourt
3%
70131Charentenay
3%
70145Chaux-la-Lotière
3%
70166Comberjon
3%
70175Cornot
3%
70189Cromary
3%
70199Dampvalley-lès-Colombe
3%
70222Étrelles-et-la-Montbleuse
3%
70225Fahy-lès-Autrey
3%
70232Ferrières-lès-Scey
3%
70237Fleurey-lès-Lavoncourt
3%
70244Fouchécourt
3%
70251Francourt
3%
70266Gesincourt
3%
70274Grandecourt
3%
70276Granges-la-Ville
3%
70172La Corbière
3%
70295La Lanterne-et-les-Armonts
3%
70385La Neuvelle-lès-Lure
3%
70386La Neuvelle-lès-Scey
3%
70425La Proiselière-et-Langle
3%
70298Lavigney
3%
70555La Villedieu-en-Fontenette
3%
70316Le Magnoray
3%
70046Les Aynans
3%
70303Liévans
3%
70314Magnivray
3%
70322Mailleroncourt-Charette
3%
70323Mailleroncourt-Saint-Pancras
3%
70336Mélecey
3%
70337Melin
3%
70343Mersuay
3%
70344Meurcourt
3%
70361Montessaux
3%
70362Montigny-lès-Cherlieu
3%
70365Mont-le-Frânois
3%
70367Mont-le-Vernois
3%
70369Mont-Saint-Léger
3%
70380Neurey-en-Vaux
3%
70383Neuvelle-lès-Cromary
3%
70391Noroy-lès-Jussey
3%
70401Ovanches
3%
70407Perrouse
3%
70417Pontcey
3%
70437Ranzevelle
3%
70441Recologne-lès-Rioz
3%
70476Saponcourt
3%
70486Semmadon
3%
70490Servigney
3%
70509Tromarey
3%
70520Vanne
3%
70521Vantoux-et-Longevelle
3%
70527Vaux-le-Moncelot
3%
70530Vellechevreux-et-Courbenans
3%
70533Vellefrey-et-Vellefrange
3%
70540Velloreille-lès-Choye
3%
70547Verlans
3%
70553Villargent
3%
70554Villars-le-Pautel
3%
70557Villefrancon
3%
70566Villers-sur-Port
3%
70568Villers-Vaudey
3%
70569Vilory
3%
70570Virey
3%
70571Visoncourt
3%
70574Volon
3%
70583Vy-lès-Filain
3%
70005Aillevans
1%
70009Aisey-et-Richecourt
1%
70010Alaincourt
1%
70017Anchenoncourt-et-Chazel
1%
70025Arbecey
1%
70049Barges
1%
70056Bauley
1%
70058Beaujeu-Saint-Vallier-et-Pierrejux
1%
70066Betaucourt
1%
70067Betoncourt-lès-Brotte
1%
70068Betoncourt-les-Ménétriers
1%
70070Betoncourt-sur-Mance
1%
70072Beveuge
1%
70078Bougey
1%
70086Bourbévelle
1%
70087Bourguignon-lès-Conflans
1%
70088Bourguignon-lès-la-Charité
1%
70106Buffignécourt
1%
70107Bussières
1%
70113Cenans
1%
70119Chambornay-lès-Pin
1%
70143Chauvirey-le-Châtel
1%
70144Chauvirey-le-Vieil
1%
70146Chaux-lès-Port
1%
70147Chavanne
1%
70164Colombotte
1%
70170Contréglise
1%
70181Courcuire
1%
70187Crevans-et-la-Chapelle-lès-Granges
1%
70215Errevet
1%
70226Fallon
1%
70236Fleurey-lès-Faverney
1%
70238Fleurey-lès-Saint-Loup
1%
70243Fontenois-lès-Montbozon
1%
70246Fouvent-le-Bas
1%
70247Fouvent-le-Haut
1%
70249Francalmont
1%
70252Frânois
1%
70267Gevigney-et-Mercey
1%
70269Girefontaine
1%
70275Grandvelle-et-Perrenot
1%
70278Grattery
1%
70288Hyet
1%
70293Lambrey
1%
70411La Pisseure
1%
70430La Quarte
1%
70296Larians-et-Munans
1%
70307Longevelle
1%
70309Loulans
1%
70320Magny-lès-Jussey
1%
70332Marast
1%
70335Maussans
1%
70338Melincourt
1%
70359Montcourt
1%
70364Montjustin
1%
70372Montureux-lès-Baulay
1%
70377Nantouard
1%
70379Nervezain
1%
70392 | 70395Oigney
1%
70393Oiselay-et-Grachaux
1%
70400Ouge
1%
70405Pennesières
1%
70426Provenchère
1%
70431Quenoche
1%
70456Ruhans
1%
70458Saint-Andoche
1%
70466Saint-Loup-lès-Gray
1%
70474Saint-Sulpice
1%
70483Scye
1%
70496Tartécourt
1%
70498Ternuay-Melay-et-Saint-Hilaire
1%
70499Theuley
1%
70503Traitiéfontaine
1%
70524Vauchoux
1%
70535Velleguindry-et-Levrecey
1%
70548Vernois-sur-Mance
1%
70551Vezet
1%
70552Villafans
1%
70559Villeparois
1%
70562Villers-la-Ville
1%
70565Villers-Pater
1%
70567Villers-sur-Saulnot
1%
70576Vougécourt
1%
70013Ambiévillers
0%
70036Aulx-lès-Cromary
0%
70059Beaumotte-lès-Montbozon
0%
70069Betoncourt-Saint-Pancras
0%
70073Bithaine-et-le-Val
0%
70076Bonnevent-et-Velloreille-lès-Bonnevent
0%
70091Bousseraucourt
0%
70109Buthiers
0%
70112Cemboing
0%
70118Chambornay-lès-Bellevaux
0%
70122Champlitte-et-le-Prélot
0%
70135Charmes-Saint-Valbert
0%
70137Chassey-lès-Montbozon
0%
70140Châteney
0%
70141Châtenois
0%
70154Cirey
0%
70159Cognières
0%
70161Colombe-lès-Bithaine
0%
70173Corcelles
0%
70174Cordonnet
0%
70188Creveney
0%
70190Cubry-lès-Faverney
0%
70200Dampvalley-Saint-Pancras
0%
70212Éguilley
0%
70223Étroitefontaine
0%
70231Ferrières-lès-Ray
0%
70233Fessey-Dessous-et-Dessus
0%
70242Fontenois-la-Ville
0%
70264Georfans
0%
70268Gézier-et-Fontenelay
0%
70270Gonvillars
0%
70273Grammont
0%
70281Greucourt
0%
70287Hurecourt
0%
70050La Barre
0%
70051La Basse-Vaivre
0%
70556La Villedieu-lès-Quenoche
0%
70558La Villeneuve-Bellenoye-et-la-Maize
0%
70418Le Pont-de-Planches
0%
70241Les Fontenis
0%
70518Le Val-Saint-Éloi
0%
70301Lieffrans
0%
70304Linerxet
0%
70341Menoux
0%
70360Mondoré
0%
70355Montarlot-lès-Rioz
0%
70356Montboillon
0%
70366Mont-lès-Étrelles-et-Villers-Chemin
0%
70397Ormenans
0%
70412Plainemont
0%
70419Pont-du-Bois
0%
70424Presle
0%
70427Purgerot
0%
70436Raincourt
0%
70449Roche-sur-Linotte-et-Sorans-les-Cordiers
0%
70454Rosières-sur-Amance
0%
70465Saint-Julien
0%
70485Selles
0%
70488Senoncourt
0%
70495Suaucourt-et-Pisseloup
0%
70500Thieffrans
0%
70501Thiénans
0%
70502Tincey-et-Pontrebeau
0%
70508Trevey
0%
70519Vandelans
0%
70539Vellexon-Queutey-et-Vaudey
0%
70545Venisey
0%
70543Verchamp
0%
70560Villers-Bouton
0%

Distribution des résultats

Percentile par nombre de réponses

% des personnes avec chaque résultat

Votre développement - résultats

Vous n’avez pas pris ce quiz